Textbook of Business Mathematics (Record no. 221132)
[ view plain ]
| 000 -LEADER | |
|---|---|
| fixed length control field | 02747nam a22002537a 4500 |
| 005 - DATE AND TIME OF LATEST TRANSACTION | |
| control field | 20220111093928.0 |
| 008 - FIXED-LENGTH DATA ELEMENTS--GENERAL INFORMATION | |
| fixed length control field | 220110b ||||| |||| 00| 0 eng d |
| 020 ## - INTERNATIONAL STANDARD BOOK NUMBER | |
| International Standard Book Number | 9789352533121 |
| 040 ## - CATALOGING SOURCE | |
| Transcribing agency | AL |
| 041 ## - LANGUAGE CODE | |
| Language code of text/sound track or separate title | Eng |
| 082 ## - DEWEY DECIMAL CLASSIFICATION NUMBER | |
| Edition number | 23 |
| Classification number | 510.2465 |
| Item number | HAZT |
| 100 ## - MAIN ENTRY--PERSONAL NAME | |
| Personal name | Padmalochan Hazarika |
| 100 ## - MAIN ENTRY--PERSONAL NAME | |
| 9 (RLIN) | 12859 |
| 245 ## - TITLE STATEMENT | |
| Title | Textbook of Business Mathematics |
| 250 ## - EDITION STATEMENT | |
| Edition statement | Ed 4. |
| 260 ## - PUBLICATION, DISTRIBUTION, ETC. | |
| Place of publication, distribution, etc. | New Delhi |
| Name of publisher, distributor, etc. | S Chand And Company Limited |
| Date of publication, distribution, etc. | 2021 |
| 300 ## - PHYSICAL DESCRIPTION | |
| Extent | xvi,719 p. |
| Other physical details | PB |
| Dimensions | 24x17 cm. |
| 365 ## - TRADE PRICE | |
| Price type code | 4971 |
| Price amount | ₹420.00 |
| Currency code | ₹ |
| Unit of pricing | ₹525.00 |
| Price note | 20% |
| Price effective from | 06-01-2022 |
| 520 ## - SUMMARY, ETC. | |
| Summary, etc. | The new edition of A Textbook of Business Mathematics inches on its earlier editions and continues to provide a comprehensive coverage of important topics and concepts in business mathematics. The book is carefully written and structured to simplify business maths and equips students with the knowledge and practice they need to fully learn each concept. Abundant solved examples and exercises incorporated in the text help in effective learning process and examination preparation for students. |
| 520 ## - SUMMARY, ETC. | |
| Summary, etc. | Features<br/>• Incorporation of important techniques of Operations Research such as transportation and assignment problem <br/>• More than 750 solved examples and exercises with solutions for extensive practice<br/>• Objective-type questions to test learning - a distinctive new feature of this edition<br/>Table of Contents<br/>Unit-I: Algebra<br/>• Revision of Basic Algebra and Commercial Arithmetic • Indices and Logarithms • Simultaneous Linear Equations and Quadratic Equations • Arithmetic Progression (A.P.), Geometric Progression (G.P.) and Harmonic Progression (H.P.) • Permutation and Combination • Binomial Theorem • Set Theory • Determinants • Vectors and Matrices<br/><br/>Unit-II: Mathematics of Finance<br/>• Simple Interest and Compound Interest • Annuity<br/><br/>Unit-III: Coordinate Geometry of Two Dimensions<br/>• Rectangular Cartesian Coordinates in a Plane • Equations of Straight Lines • Equations of Non-Linear Curves: Circle and Parabola<br/><br/>Unit-IV: Calculus<br/>• Functions, Limits and Continuity of Functions • Derivative or Differential Coefficient • Application of Derivative in Economics and Commerce • Maxima and Minima • Partial Derivatives and Homogeneous Functions • Integration as Antiderivative • Definite Integral and Application of Integration in Business and Economics<br/><br/>Unit-V: Certain Techniques of Operations Research<br/>• Introduction to Operations Research (OR) • Linear Programming • Basic Concepts of Transportation Problem and Assignment Problem • Theory of Games<br/> |
| 650 ## - SUBJECT ADDED ENTRY--TOPICAL TERM | |
| Topical term or geographic name entry element | Textbook of Mathematics |
| 9 (RLIN) | 12782 |
| 650 ## - SUBJECT ADDED ENTRY--TOPICAL TERM | |
| Topical term or geographic name entry element | Business Mathematics |
| 9 (RLIN) | 12783 |
| 700 ## - ADDED ENTRY--PERSONAL NAME | |
| Personal name | HAZARIKA (Padmalochan) |
| 9 (RLIN) | 12784 |
| 942 ## - ADDED ENTRY ELEMENTS (KOHA) | |
| Source of classification or shelving scheme | Dewey Decimal Classification |
| Koha item type | Book |
| Withdrawn status | Lost status | Source of classification or shelving scheme | Damaged status | Not for loan | Collection code | Home library | Current library | Date acquired | Source of acquisition | Cost, normal purchase price | Total Checkouts | Full call number | Barcode | Date last seen | Date last checked out | Cost, replacement price | Price effective from | Koha item type |
|---|---|---|---|---|---|---|---|---|---|---|---|---|---|---|---|---|---|---|
| Dewey Decimal Classification | Mathematics | St Aloysius Library | St Aloysius Library | 01/10/2022 | Biblios Book Point | 420.00 | 3 | 510.2465 HAZT | 075309 | 01/06/2025 | 12/18/2024 | 525.00 | 01/10/2022 | Book |